000 00993cam a2200265 a 4500
001 15131562
005 20250116161058.0
008 080108s2007 enk bd 001 0deng d
020 _a9781844742134 (U.K.)
020 _a184474213X (U.K.)
020 _a9780830824533 (U.S.)
020 _a0830824537 (U.S.)
050 0 0 _aBV2040
_b.D54 2007
082 0 0 _a266.003
_222
245 0 0 _aDictionary of mission theology :
_bevangelical foundations /
_ceditor, John Corrie ; consulting editors, J. Samuel Escobar, Wilbert R. Shenk ; regional advisors, Rosemary M. Dowsett ... [et al.] ; organizing editor, Steve Carter.
260 _aNottingham, England ;
_aDowners Grove, Ill. :
_bInterVarsity Press,
_c2007.
300 _a461 p. ;
_c24 cm.
650 0 _aMissions
_vDictionaries.
650 0 _aMissions
_xTheory
_vDictionaries.
650 0 _aTheology
_vDictionaries.
700 1 _aCorrie, John,
_cPh. D.
700 1 _aEscobar, Samuel,
_d1934-
700 1 _aShenk, Wilbert R.
942 _2lcc
_cBK
_n0
999 _c2587
_d2587